Classroom Teaching (Record no. 3892)

MARC details
000 -LEADER
fixed length control field 00370nam a22001457a 4500
008 - FIXED-LENGTH DATA ELEMENTS--GENERAL INFORMATION
fixed length control field 250618b |||||||| |||| 00| 0 eng d
020 ## - INTERNATIONAL STANDARD BOOK NUMBER
ISBN 9789331319272
100 ## - MAIN ENTRY--AUTHOR
Author Prasanth M.S
245 ## - TITLE STATEMENT
Title Classroom Teaching
260 ## - PUBLICATION, DISTRIBUTION, ETC. (IMPRINT)
Place of publication Delhi
Name of publisher A.P.H Publishing Corporation
Date of publication 2020
300 ## - COLLATION
Pagination 318p
650 ## - TRACINGS
Main Subject Active Learning
942 ## - ADDED ENTRY ELEMENTS (KOHA)
Item type Books
050 ## - LIBRARY OF CONGRESS CALL NUMBER
Classification number LB 1027.23
Item number .P73
Holdings
Source of classification or shelving scheme Not for loan Permanent location Current location Date acquired Accession No. Full call number Barcode. Koha item type
Library of Congress Classification   Samuel Ogbemudia Main Library, University of Abuja Samuel Ogbemudia Main Library, University of Abuja 06/18/2025 2023/61851 LB 1027.23 .P73 2025-2573 Books